किस्मत का खेल (Record no. 147960)

MARC details
000 -LEADER
fixed length control field 00453nam a2200145Ia 4500
008 - FIXED-LENGTH DATA ELEMENTS--GENERAL INFORMATION
fixed length control field 230917s9999||||xx |||||||||||||| ||und||
040 ## - CATALOGING SOURCE
-- 181943
Original cataloging agency VIVEKANANDA LIBRARY
041 ## - Language
-- English
082 ## - DDC NUMBER
Classification number 891.491503741 DR536K
100 ## - MAIN ENTRY--PERSONAL NAME
Personal name घनखड, रावबीर सिंह
245 #0 - TITLE STATEMENT
Title किस्मत का खेल
260 ## - PUBLICATION, DISTRIBUTION, ETC. (IMPRINT)
Place of publication, distribution, etc दिल्ली
Name of publisher, distributor, etc शिवहरि प्रकाशन
Date of publication, distribution, etc 2006
300 ## - PHYSICAL DESCRIPTION
Pages xiii, 128 पृ. p.
942 ## - ADDED ENTRY ELEMENTS (KOHA)
Koha item type Hindi Books
Holdings
Withdrawn status Lost status Damaged status Not for loan Location (home branch) Sublocation or collection (holding branch) Date acquired Koha issues (times borrowed) Koha full call number Accession No. Koha date last seen Koha item type
        VIVEKANANDA LIBRARY VIVEKANANDA LIBRARY 29/03/2011   891.491503741 DR536K 263554 17/09/2023 Hindi Books
        VIVEKANANDA LIBRARY VIVEKANANDA LIBRARY 29/03/2011   891.491503741 DR536K 292472 17/09/2023 Hindi Books
        VIVEKANANDA LIBRARY VIVEKANANDA LIBRARY 29/03/2011 1 891.491503741 DR536K 292473 06/08/2025 Hindi Books
        VIVEKANANDA LIBRARY VIVEKANANDA LIBRARY 29/03/2011   891.491503741 DR536K 335346 17/09/2023 Hindi Books
        VIVEKANANDA LIBRARY VIVEKANANDA LIBRARY 29/03/2011 1 891.491503741 DR536K 335347 19/03/2024 Hindi Books
© Designed and Maintained by Vivekananda Library, MDU Rohtak